000 00477nam a22001697a 4500
999 _c2197
_d2197
005 20181009164812.0
008 181009b ||||| |||| 00| 0 eng d
040 _cDLC
082 _a268.6
_bC1471T
100 _aCaldwell, Irene Smith
245 _aTeaching that makes a difference
_cIrene Smith Caldwell
260 _aAnderson, Indiana,
_bThe Warner Press,
_c1950
300 _a111p,;
500 _aincludes appendix [111]
650 _xreligious education
942 _2ddc
_cBK